ბათუმის შოთა რუსთაველის სახელმწიფო უნივერსიტეტის ბიბლიოთეკა

ქართველთა დედაენა და დიალექტები (ბიბ.ჩანაწერი № 51200)

000 -LEADER
fixed length control field 00830nam a2200253Ia 4500
001 - CONTROL NUMBER
control field 18159
003 - CONTROL NUMBER IDENTIFIER
control field GE_BSU
008 - FIXED-LENGTH DATA ELEMENTS--GENERAL INFORMATION
fixed length control field 181216s||||||||xx |||||||||||||| ||und||
020 ## - INTERNATIONAL STANDARD BOOK NUMBER
International Standard Book Number 9789941905001
040 ## - CATALOGING SOURCE
Transcribing agency GE_BSU
080 ## - UNIVERSAL DECIMAL CLASSIFICATION NUMBER
Universal Decimal Classification number 811.353.1-26
100 ## - MAIN ENTRY--PERSONAL NAME
Personal name ფუტკარაძე, ტ.
245 ## - TITLE STATEMENT
Title ქართველთა დედაენა და დიალექტები
245 ## - TITLE STATEMENT
Statement of responsibility, etc. რედ.: ეკატერინე დადიანი
260 ## - PUBLICATION, DISTRIBUTION, ETC.
Place of publication, distribution, etc. ქუთაისი
260 ## - PUBLICATION, DISTRIBUTION, ETC.
Name of publisher, distributor, etc. ლამპარი
260 ## - PUBLICATION, DISTRIBUTION, ETC.
Date of publication, distribution, etc. 2008
300 ## - PHYSICAL DESCRIPTION
Extent 109 გვ.20სმ.
300 ## - PHYSICAL DESCRIPTION
Accompanying material ბიბლ.გვ.101-108
653 ## - INDEX TERM--UNCONTROLLED
Uncontrolled term ქართველთა დედაენა და დიალექტები
653 ## - INDEX TERM--UNCONTROLLED
Uncontrolled term ქართული ენა
942 ## - ADDED ENTRY ELEMENTS (KOHA)
Koha item type წიგნი
ეგზემპლარები
Withdrawn status Lost status Damaged status Not for loan Date acquired Barcode Date last seen Price effective from Koha item type
        2018-12-17 46287 2018-12-17 2018-12-17 წიგნი
        2018-12-17 46288 2018-12-17 2018-12-17 წიგნი